Govt. of
Madhya Pradesh

Bhagavad Gita As It Is Second Edition (Record no. 63567)

MARC details
000 -LEADER
fixed length control field 00256nam a22000977a 4500
100 ## - MAIN ENTRY--AUTHOR NAME
Personal name Grace,Divine
245 ## - TITLE STATEMENT
Title Bhagavad Gita As It Is Second Edition
260 ## - PUBLICATION, DISTRIBUTION, ETC. (IMPRINT)
Place of publication Mumbai
Name of publisher The Bhaktivedanta book Trust
Year of publication 2019
650 ## - SUBJECT ADDED ENTRY--TOPICAL TERM
Topical Term Religion
942 ## - ADDED ENTRY ELEMENTS (KOHA)
Koha item type Books
Holdings
Withdrawn status Lost status Damaged status Not for loan Home library Current library Date acquired Cost, normal purchase price Full call number Accession Number Price effective from Koha item type
        MACL MACL 07/10/2020 160.00 294 CRE037482 07/10/2020 Books